LEADER 00996nam a2200217 i 4500 001 000000231561 003 CaOOAMICUS 005 20230310143654.0 008 140804s1877 it u000 u lat u 040 $aSeMil$bita 100 1 $aPatrizi, Francesco Saverio .$0(OLS)http://semarc/name/13979 245 10$aFrancisci Xaverii Patritii e societate Iesu biblicarum questionum decas. 260 $aRomae :$bEx Typographia polyglotta S. C. de Propaganda fide,$c1877. 300 $aVI, 271 p. ;$c23 cm. 500 $aLegato con 2W-III-29 FA. 650 4$aBibbia - Interpretazione.$0(OLS)http://semarc/subject/1295 850 $aSeMil 852 $aSeMil$W1$xVenegono$y1$m2W III 30 FA$j181907$B181907$CSeMilBibl$Z2$F192788 $8I 996 $6245$aFrancisci Xaverii Patritii e societate Iesu biblicarum questionum decas$9(OLS)http://semarc/title/330634 996 $6260$aRomae :$bEx Typographia polyglotta S. C. de Propaganda fide$9(OLS)http://semarc/publisher/41895 LEADER 01719nam a2200325 i 4500 001 000000350371 003 CaOOAMICUS 005 20220523123825.0 008 220523s2017 gw m u000 u eng u 013 $a11026 020 $a978-3-16-155188-8 040 $aSeMil$bita 100 1 $aCoutts, Joshua,$d<1983- >.$0(OLS)http://semarc/name/115905 245 14$aThe divine name in the Gospel of John :$bsignificance and impetus /$cJoshua J.F. Coutts. 264 1$aTübingen :$bMohr Siebeck,$c2017. 300 $aXvI, 259 p. ;$c24 cm. 490 1 $aWissenschaftliche Untersuchungen zum Neuen Testament. 2. Reihe ;$v447 502 $aTesto rivisto della tesi, University of Edinburgh, 2016 504 $aBibliography, p. [211]-228 650 4$aBibbia - NT - Giovanni - [Relazione con] Isaia.$0(OLS)http://semarc/subject/52315 650 4$aBibbia. Nuovo Testamento. Vangelo secondo Giovanni - Commentari, studi, critica, interpretazioni.$0(OLS)http://semarc/subject/119 650 4$aBibbia - NT - Giovanni - Nome di Dio.$0(OLS)http://semarc/subject/52314 650 4$aBibbia. Antico Testamento. Isaia - [Relazione con] Vangelo di Giovanni.$0(OLS)http://semarc/subject/42384 830 0$aWissenschaftliche Untersuchungen zum Neuen Testament. 2. Reihe ;$v447.$0(OLS)http://semarc/title/3999 850 $aSeMil 852 $aSeMil$W1$xVenegono$y1$m2XA D 447$j232801$B241408$CSeMilBibl$Z2$F241408 $81 996 $6020$a978-3-16-155188-8$9(OLS)http://semarc/number/295928 996 $6245$aThe divine name in the Gospel of John :$bsignificance and impetus$9(OLS)http://semarc/title/440089 996 $6264$aTübingen :$bMohr Siebeck$9(OLS)http://semarc/publisher/30329